Fray Gaspar de Villarroel : (Record no. 15877)
[ view plain ]
| 000 -CABECERA | |
|---|---|
| campo de control de longitud fija | 00891cam a22002531a 4500 |
| 001 - NÚMERO DE CONTROL | |
| campo de control | 000016342 |
| 005 - FECHA Y HORA DE LA ÚLTIMA TRANSACCIÓN | |
| campo de control | 20200929164400.0 |
| 008 - DATOS DE LONGITUD FIJA--INFORMACIÓN GENERAL | |
| campo de control de longitud fija | 770407s1959 mx 000 0 spa |
| 010 ## - NÚMERO DE CONTROL DE LA BIBLIOTECA DEL CONGRESO | |
| Número de control de LC | 60042653 |
| 040 ## - FUENTE DE LA CATALOGACIÓN | |
| Centro catalogador/agencia de origen | DO-SdBNP |
| Centro/agencia transcriptor | DGU |
| Centro/agencia modificador | OCoLC |
| -- | DLC |
| 041 ## - CÓDIGO DE LENGUA | |
| Código de lengua del texto/banda sonora o título independiente | BNGR |
| 050 00 - SIGNATURA TOPOGRÁFICA DE LA BIBLIOTECA DEL CONGRESO | |
| Número de clasificación | BX890 |
| Número de documento/Ítem | .V47 1960 |
| 082 ## - NÚMERO DE LA CLASIFICACIÓN DECIMAL DEWEY | |
| Número de clasificación | xxx |
| Número de documento/Ítem | V722 |
| 245 00 - MENCIÓN DE TÍTULO | |
| Título | Fray Gaspar de Villarroel : |
| Resto del título | siglo XVII / |
| Mención de responsabilidad, etc. | estudio y selecciones de Gonzalo Zaldumbide. |
| 260 ## - PUBLICACIÓN, DISTRIBUCIÓN, ETC. | |
| Lugar de publicación, distribución, etc. | Puebla, (México) : |
| Nombre del editor, distribuidor, etc. | J. M. Cajica, Jr., |
| Fecha de publicación, distribución, etc. | 1959. |
| 300 ## - DESCRIPCIÓN FÍSICA | |
| Extensión | 516 p. ; |
| Dimensiones | 22 cm. |
| 490 0# - MENCIÓN DE SERIE | |
| Mención de serie | Biblioteca Ecuatoriana Minima. La Colonia y la República |
| 500 ## - NOTA GENERAL | |
| Nota general | Incluye apéndice |
| 610 20 - PUNTO DE ACCESO ADICIONAL DE MATERIA--NOMBRE DE ENTIDAD CORPORATIVA | |
| Nombre de entidad corporativa o nombre de jurisdicción como elemento de entrada | Catholic Church. |
| 9 (RLIN) | 36453 |
| 650 #0 - PUNTO DE ACCESO ADICIONAL DE MATERIA--TÉRMINO DE MATERIA | |
| Término de materia o nombre geográfico como elemento de entrada | Theology |
| Subdivisión general | History |
| Subdivisión cronológica | 17th century. |
| 9 (RLIN) | 36454 |
| 700 1# - PUNTO DE ACCESO ADICIONAL--NOMBRE DE PERSONA | |
| Nombre de persona | Zaldumbide, Gonzalo, |
| Fechas asociadas al nombre | 1885-1965. |
| 9 (RLIN) | 36455 |
| 830 #0 - PUNTO DE ACCESO ADICIONAL DE SERIE-TÍTULO UNIFORME | |
| Título uniforme | Biblioteca Ecuatoriana Minima. La Colonia y la República |
| 9 (RLIN) | 3109 |
| 910 ## - DATOS DE OPCIÓN DEL USUARIO (OCLC) | |
| Datos de opción del usuario | Catalogación por copia / LC |
| Estado de retiro | Estado de pérdida | Restricciones de uso | No para préstamo | Código de colección | Localización permanente | Ubicación/localización actual | Ubicación en estantería | Fecha de adquisición | Número de inventario | Total de préstamos | Signatura topográfica completa | Código de barras | Fecha visto por última vez | Precio válido a partir de | Tipo de ítem Koha |
|---|---|---|---|---|---|---|---|---|---|---|---|---|---|---|---|
| Préstamo restrigido | Monografías: Libros y Folletos | General | General | En encuadernación | 03.03.2010 | LF1 | xxx V722 | 16342-10 | 25.06.2020 | 25.06.2020 | No se presta |
